|
000
|
01132nam 2200301 450
|
|
001
|
CAL 012005712142
|
|
005
|
20081015100154.84
|
|
010
|
|
@a7-109-08667-4@dCNY16.80
|
|
092
|
|
@aCN@b162553
|
|
100
|
|
@a20051021d2004 ekmy0chiy0121 ea
|
|
101
|
0
|
@achi@eeng
|
|
102
|
|
@aCN@b110000
|
|
105
|
|
@aa a 000yy
|
|
200
|
1
|
@a现代生物饵料培养及开发利用@Axian dai sheng wu er liao pei yang ji kai fa li yong@d= Research and application of living food@f郑严, 马志珍, 周利编著@zeng
|
|
210
|
|
@a北京@c中国农业出版社@d2004
|
|
215
|
|
@a320页@c图@d21cm
|
|
225
|
2
|
@a科技兴农奔小康丛书@Ake ji xing nong ben xiao kang cong shu
|
|
320
|
|
@a有书目
|
|
330
|
|
@a全书共8章,分别介绍了鱼、虾、蟹、贝的食性和饵料;饵料微藻的培养和应用技术;轮虫的研究与培养技术;卤虫的研究与应用技术等内容。
|
|
410
|
0
|
@12001 @a科技兴农奔小康丛书
|
|
510
|
1
|
@aResearch and application of living food@zeng
|
|
606
|
0
|
@a饵料生物@Aer liao sheng wu@x养殖
|
|
690
|
|
@aS963@v4
|
|
701
|
0
|
@a郑严@Azheng yan@4编著
|
|
701
|
0
|
@a马志珍@Ama zhi zhen@4编著
|
|
701
|
0
|
@a周利@Azhou li@4编著
|
|
801
|
0
|
@aCN@bLZJBOOK@c20081015
|
|
905
|
|
@a10447@dS963@e6
|
|
|
|
|
| |
| 现代生物饵料培养及开发利用= Research and application of living food/郑严, 马志珍, 周利编著.-北京:中国农业出版社,2004 |
| 320页:图;21cm.-(科技兴农奔小康丛书) |
| |
| |
| ISBN 7-109-08667-4:CNY16.80 |
| 全书共8章,分别介绍了鱼、虾、蟹、贝的食性和饵料;饵料微藻的培养和应用技术;轮虫的研究与培养技术;卤虫的研究与应用技术等内容。 |
| ● |
正题名:现代生物饵料培养及开发利用
索取号:S963/6
 
预约/预借
| 序号
|
登录号
|
条形码
|
馆藏地/架位号
|
状态
|
备注
|
|
1
|
180916
|
200180916
|
柳城-4楼/34架7列6层/
[索取号:S963/6]
|
在馆
|
|
|
2
|
180917
|
200180917
|
柳城-4楼/34架7列6层/
[索取号:S963/6]
|
在馆
|
|
|
3
|
180918
|
200181039
|
柳城-4楼/34架7列6层/
[索取号:S963/6]
|
在馆
|
|
|
4
|
180919
|
200180919
|
海科密-1楼/3架7列7层/
[索取号:S963/6]
|
在馆
|
|
|
5
|
180920
|
200180920
|
海科密-1楼/3架7列7层/
[索取号:S963/6]
|
在馆
|
|